| 000 | 00418nam a22001697a 4500 | ||
|---|---|---|---|
| 005 | 20250619112637.0 | ||
| 008 | 250507b |||||||| |||| 00| 0 eng d | ||
| 020 | _a9780008532819 | ||
| 040 | _cSDCL | ||
| 041 | _aeng | ||
| 084 | _aO-,3N96 R4 LR | ||
| 100 |
_aKuang, Rebecca F. _9755430 |
||
| 245 | _aYellowface | ||
| 260 |
_aLondon : _bHarper Collins Publishers, _c2024. |
||
| 300 | _a323p | ||
| 942 |
_2CC _cGB |
||
| 999 |
_c1320350 _d1320350 |
||